Biblioteka Instytutu Północnego w Olsztynie

Widok standardowy Widok MARC

Pozycja Personal Name

Liczba rekordów, w których użyto hasła: 1

001 - Numer kontrolny

  • control field: 39693

003 - Identyfikator numeru kontrolnego

  • control field: NUKAT

005 - Data i czas ostatniej modyfikacji

  • control field: 20260408195513.0

008 - Dane kontrolne kodowane (40 znaków)

  • fixed length control field: 960327n||a|znnaabn |a aaa |c

010 ## - Numer kontrolny Biblioteki Kongresu

  • numer kontrolny LC: n 96215556

024 7# - OTHER STANDARD IDENTIFIER

  • Standard number or code: 52733161
  • Source of number or code: viaf

024 7# - OTHER STANDARD IDENTIFIER

  • Standard number or code: 0000000122110954
  • Source of number or code: isni

024 7# - OTHER STANDARD IDENTIFIER

  • Standard number or code: Q896456
  • Source of number or code: wikidata

040 ## - Instytucja sporządzająca rekord

  • inst. przygot. dane do rek. khw: KR U/RB
  • język haseł przedmiotowych/tezaurus: kaba
  • inst. wprow. rek. khw: KR U/RB
  • inst. modyf. rek. khw: KR U/bs
  • inst. modyf. rek. khw: TOR U/MM
  • inst. modyf. rek. khw: TOR U/JSzs
  • inst. modyf. rek. khw: TOR U/TL
  • inst. modyf. rek. khw: KR U/PatrMM

100 1# - Hasło - nazwa osobowa

  • nazwa osobowa w formie ujednoliconej: Siedlecki, Michał
  • daty biograficzne: (1873-1940).

400 1# - Trop zob. - nazwa osobowa

  • nazwa osobowa (nazwisko, imiona): Siedlecki, M.

400 1# - Trop zob. - nazwa osobowa

  • nazwa osobowa (nazwisko, imiona): Siedlecki, Michel.

400 1# - Trop zob. - nazwa osobowa

  • nazwa osobowa (nazwisko, imiona): Grzymała-Siedlecki, Michał Marian.

670 ## - Źródło informacji

  • źródło informacji: Nekrologi BJ

670 ## - Źródło informacji

  • źródło informacji: Kp. Fizyologia zwierząt domowych : wykłady prof Dr. M. Siedleckiego. - Kraków, 1911.

670 ## - Źródło informacji

  • źródło informacji: Epop.

670 ## - Źródło informacji

  • źródło informacji: PseudPP. - 1996

670 ## - Źródło informacji

  • źródło informacji: NEP. - 1995

670 ## - Źródło informacji

  • źródło informacji: La Renaissance d'une Université : L'Université de Vilna / Michel Siedlecki. - Bruxelles, 1921. - Nadb. z : Flambeau ; 1921, nr 8.

670 ## - Źródło informacji

  • źródło informacji: Kp. Dyplom doktorski Uniwersytetu Jagiellońskiego z dziedziny filozofii dla Michała Mariana Grzymały-Siedleckiego [Rękopis]. - Kraków, 16 V 1896.
Biblioteka Instytutu Północnego, ul. Partyzantów 87, 10-402 Olsztyn, email: biblioteka(at)ip.olsztyn.pl